Ekaṭi perekera kāhinī. (Record no. 56100)

MARC details
000 -LEADER
fixed length control field 00542cam a22002171 4500
001 - CONTROL NUMBER
control field sa 64000221
003 - CONTROL NUMBER IDENTIFIER
control field DLC
005 - DATE AND TIME OF LATEST TRANSACTION
control field 20260227111954.0
008 - FIXED-LENGTH DATA ELEMENTS--GENERAL INFORMATION
fixed length control field 890403s1963 xx 000 0 hino
010 ## - LIBRARY OF CONGRESS CONTROL NUMBER
LC control number sa 64000221
035 ## - SYSTEM CONTROL NUMBER
System control number (OCoLC)23564879
040 ## - CATALOGING SOURCE
Original cataloging agency DLC
Transcribing agency MiU
Modifying agency DLC
042 ## - AUTHENTICATION CODE
Authentication code premarc
050 00 - LIBRARY OF CONGRESS CALL NUMBER
Classification number DS485.B492
Item number G5
100 1# - MAIN ENTRY--PERSONAL NAME
Personal name Ghosha, Sāgaramaẏa,
Dates associated with a name 1915-
245 10 - TITLE STATEMENT
Title Ekaṭi perekera kāhinī.
260 ## - PUBLICATION, DISTRIBUTION, ETC.
Date of publication, distribution, etc. [1963]
300 ## - PHYSICAL DESCRIPTION
Extent 98 p.
Dimensions 23 cm.
500 ## - GENERAL NOTE
General note Romanized.
600 10 - SUBJECT ADDED ENTRY--PERSONAL NAME
Personal name Roy, Bidhan Chandra,
Dates associated with a name 1882-1962.

No items available.

Powered by Koha